Ville de Haute-Loire - Mort subite - Statistiques

Statistiques générales
  • Ce quiz a été pris 11 fois
    7 depuis la dernière actualisation
  • Le résultat moyen est 5 sur 19
Answers on the Grid
Answers color-coded by a green-red scale on the quiz's grid according to % correct below.
Yssingeaux
Monaco
Monistrol-sur-Loire
Brioude
Firminy
Bas-en-Basset
Quézac
Saint-Flour
Le-Puy-en-Velay
Sainte-Sigolène
Massiac
Annonay
Usson-en-Forez
Tence
Beauzac
Chambéry
Valence
Saint-Ferréol-d'Auroure
Brives-Charensac
Clermont-Ferrand
Grazac
Saint-Pal-de-Mons
Saint-Vincent-sur-Velay
Aurec-sur-Loire
Saint-Jean-de-Lignon
Raucoules
Montbrison
Saint-Anthème
Langogne
Arlet
Malazac
Retournac
Le Monastier-sur-Gazeille
Saint-Ferréol
Costaros
Champagnac-le-Vieux
 
Statistiques - réponses
Réponse % Correct
Brioude
80%
Le-Puy-en-Velay
80%
Yssingeaux
80%
Monistrol-sur-Loire
60%
Sainte-Sigolène
60%
Aurec-sur-Loire
40%
Bas-en-Basset
20%
Brives-Charensac
20%
Champagnac-le-Vieux
20%
Tence
20%
Arlet
0%
Beauzac
0%
Costaros
0%
Grazac
0%
Le Monastier-sur-Gazeille
0%
Raucoules
0%
Retournac
0%
Saint-Ferréol-d'Auroure
0%
Saint-Pal-de-Mons
0%
Aucun quiz correspondant
Distribution des résultats
% des personnes avec chaque résultat
Percentile par nombre de réponses
Votre historique - résultats
Vous n’avez pas pris ce quiz depuis la dernière actualisation